000 00872cam a2200217 a 4500
005 20230917090857.0
008 910919s1990 sa 001 0 eng
020 _a0702125180
082 0 0 _a346.7
100 1 _aDe la Rey, Elmarie.
245 1 0 _aHocklyʾs insolvency law /
_cElmarie de la Rey, Robert Sharrock.
250 _a5th ed.
260 _aCape Town :
_bJuta,
_c1990.
300 _c25 cm.
500 _a"This is the fifth edition of Hockly's Students' guide to the Insolvency Law of South Africa ...The previous editions were, by and large, a summary of Mars: The Law of Insolvency in South Africa ... the book is no longer merely a condensed version of Mars, but an entirely independenet work ..."--Pref.
500 _aIncludes index.
650 0 _aBankruptcy
700 1 _aSharrock, Robert.
700 1 _aHockly, Harold Edward,
942 _cBK
_6EMILLIE
999 _c7
_d7